| Registos Bibliográficos associados ao registo de autoridade |
|
Etiqueta de registo: 01112cam 02200265 04500 001 278287 003 http://id.bnportugal.gov.pt/bib/catbnp/278287 005 19981208200100.0 095 ## $aPTBN00289440 100 ## $a19000001d1740 k y0pora0103 ba 101 0# $alat 102 ## $aDE$bHamburgo 200 1# $aBibliotheca anonymorum et pseudonymorum... ad supplendum et continuandum Vicentii
Placcii Theatrum anonymorum et pseudonymorum et Christoph. August. Heumanni Schediasma
de anonymis et pseudonymis collecta et adornata à M. Joh. Christoph. Mylio... cum
praefatione M. Gottlieb Stollii.. 210 #9 $aHamburgi$csumptibus Christian Wilhelm Brandt,$d1740 215 ## $a1 v., pag. var.$cil.$d2º (37 cm) 300 ## $aNUC 403, p. 663 300 ## $a2ª parte com rosto e pag. próprios 300 ## $aTexto a 2 coln. 675 ## $a014.1$vmed$zfre$3312383 700 #1 $aMylius,$bJohann Christoph,$f1710-1757$3100780 702 #1 $aStolle,$bGottlieb,$f1673-1744$4080$3120693 702 #1 $aBrandt,$bChristian Wilhelm,$ffl. 1724-1761$4610$357871 702 #1 $aPlaccius,$bVincent,$f1642-1699$4100$392374 702 #1 $aHeumann,$bChristoph August,$f1681-1764$4100$359689 801 #0 $aPT$bBN$gRPC 966 ## $lBN$mFGMON$sB. 91 A. 997 ## $aBIBEOD
Etiqueta de registo: 00254nam 2200025 450 001 1967775 003 http://id.bnportugal.gov.pt/bib/catbnp/1967775 100 ## $a20170719d1753 m y0pory01030103ba 101 0# $alat 102 ## $aNL 105 ## $ay z 000yy 106 ## $ar 200 1# $aConspectus reipublicae literariae siue via ad historiam literariam iuventuti studiosae
aperta a Christophoro Augusto Heumanno, D. 205 ## $aEditio sexta eademque ultima 210 #9 $aHanoverae$capud heredes Nicolai Foersteri et Filii,$d1753 215 ## $a52, 500, [16] p.$d12º (18 cm) 307 ## $aRosto impresso a preto e vermelho 620 ## $dHanover 700 #1 $aHeumann,$bChristoph August,$f1681-1764$359689 702 #1 $aForster,$bNikolaus,$cHerdeiros,$ffl. 1732-1774$4610$31686327 801 #0 $aPT$bBN$gRPC 966 ## $lBN$mFGMON$sH.G. 9578 P. 997 ## $aBIBEOD
Etiqueta de registo: 00254nam 2200025 450 001 2286909 003 http://id.bnportugal.gov.pt/bib/catbnp/2286909 100 ## $a20260526g17431750m y0pory01030103ba 101 0# $alat 102 ## $aDX 105 ## $ay z 000yy 106 ## $ar 200 1# $aChristophori Augusti Heumanni... Dissertationum Sylloge diligenter recognitarum nouisque
illustrarum accessionibus.$hTomi I. pars I. [-Tomi I. pars IV. et ultima] 210 #9 $aGottingae$capud Io. Guilielmum Schmid...$capud Ioan. Petr. Schmid...$capud Ioann. Wilh. Schmid, Regiae Vniuersitatis Bibliopolam,$d1743-1750 215 ## $a4 partes ([4], 508, [2], 509-761, [2], 762-1000, [14] p.)$d8º (18 cm) 306 ## $aMarca do impressor na f. de rosto de cada parte 307 ## $aCada parte com f. de rosto e assin. próprias, mas pagin. contínua 316 ## $a4 partes enc. em 2 vols.$5PTBN: R. 1893-1894 P. 321 ## $aBayerische Staatsbibliothek BV009934201 321 ## $aICCU IT\ICCU\PUVE\025125 327 11 $aT. 1, pt. 1. - Gottingae : apud Io. Guilielmum Schmid, Regiae Vniuersitatis Bibliopolam,
1743. - [4], 252 p. - Assin.: ):(//2, A-P//8, Q//6 ; T. 1, pt. 2. - Gottingae : apud
Io. Guilielmum Schmid, Regiae Vniuersitatis Bibliopolam, 1744. - [253]-508 p. - Assin.:
A-Q//8 ; T. 1, pt. 3. - Gottingae : apud Ioan. Petr. Schmid, Regiae Vniuersitatis
Bibliopolam, 1745. - [2], [509]-761, [1] p. - Assin.: [ ]//1, A-P//8, Q//7 ; T. 1,
pt. 4 et ultima. - Gottingae : apud Ioann. Wilh. Schmid, Regiae Vniuersitatis Bibliopolam,
1750. - [1], [762]-1000, [14] p. - Assin.: [ ]//1, A-P//8, Q//6 500 10 $aDissertationum Sylloge diligenter recognitarum novisque illustrarum accessionibus 620 ## $dGottingen 700 #1 $aHeumann,$bChristoph August,$f1681-1764$359689 702 #1 $aSchmid,$bJohann Wilhelm,$ffl. 1743-1792$4610$31999306 702 #1 $aSchmid,$bJohann Peter,$ffl. 1736-1750$4610$31999308 801 #0 $aPT$bBN$gRPC 856 40 $2Cópia digital do tomo 1, parte 1, disponível em Bayerische Staatsbibliothek$uhttps://www.digitale-sammlungen.de/view/bsb10840105?page=%2C1 856 40 $2Cópia digital do tomo 1, parte 2, disponível em Bayerische Staatsbibliothek$uhttps://www.digitale-sammlungen.de/view/bsb10840106?page=%2C1 856 40 $2Cópia digital do tomo 1, parte 3, disponível em Bayerische Staatsbibliothek$uhttps://www.digitale-sammlungen.de/view/bsb10602534?page=2%2C3 856 40 $2Cópia digital do tomo 1, parte 4, disponível em Bayerische Staatsbibliothek$uhttps://www.digitale-sammlungen.de/view/bsb10840129?page=%2C1 966 ## $dT. 1, pt. 1-2$lBN$mFGMON$sR. 1893 P. 966 ## $dT. 1, pt. 3-4$lBN$mFGMON$sR. 1894 P. 971 ## $cpmesqui$d20260526 997 ## $aBIBEOD
|
|
|